[Event "WCC"]
[Site "Khanty Mansyisk RUS"]
[Date "2005.11.27"]
[Round "1.1"]
[White "Ivanchuk,V"]
[Black "Sibriaev,A"]
[Result "1-0"]
[WhiteElo "2748"]
[BlackElo "2264"]
[EventDate "2005.11.27"]

1. e4 c5 2. Nf3 d6 3. d4 cxd4 4. Nxd4 Nf6 5. Nc3 a6 6. f4 e6 7. Qf3 Qc7 8.
g4 h6 9. h4 Nc6 10. Nxc6 bxc6 11. g5 hxg5 12. hxg5 Rxh1 13. Qxh1 Nd7 14.
Bd2 g6 15. O-O-O a5 16. Qh7 Be7 17. f5 Nf8 18. fxg6 Nxg6 19. Be2 Ba6 20.
Bh5 Ne5 21. Rh1 O-O-O 22. Bxf7 Nxf7 23. Qxf7 Bf8 24. Qxe6+ Kb8 25. g6 Bc8
26. Qb3+ Qb7 27. Rh8 Qxb3 28. axb3 Be6 29. Ne2 Be7 30. Rxd8+ Bxd8 31. Nd4
1-0

[Event "WCC"]
[Site "Khanty Mansyisk RUS"]
[Date "2005.11.27"]
[Round "1.1"]
[White "Chumfwa,S"]
[Black "Bacrot,E"]
[Result "0-1"]
[WhiteElo "2303"]
[BlackElo "2725"]
[EventDate "2005.11.27"]

1. e4 e5 2. Nf3 Nc6 3. Bb5 Nf6 4. d3 Bc5 5. c3 O-O 6. O-O d5 7. Nbd2 Re8 8.
Qe2 Bg4 9. h3 Bh5 10. Rd1 Qd7 11. Nf1 Bg6 12. Nh4 Bh5 13. Nf3 Nd4 14. cxd4
Qxb5 15. g4 Bg6 16. dxc5 dxe4 17. Nh4 exd3 18. Qe3 e4 19. b3 Nd5 20. Qd4
Rad8 21. Bb2 f6 22. Nxg6 hxg6 23. Qc4 Qxc4 24. bxc4 Nf4 25. h4 Ne6 26. Ba3
Nd4 27. Rab1 Ne2+ 28. Kg2 Nc3 29. Ne3 Nxd1 30. Nxd1 b6 31. Ne3 d2 32. c6
Rd3 0-1

[Event "WCC"]
[Site "Khanty Mansyisk RUS"]
[Date "2005.11.27"]
[Round "1.1"]
[White "Kuderinov,K"]
[Black "Shirov,A"]
[Result "1/2-1/2"]
[WhiteElo "2432"]
[BlackElo "2710"]
[EventDate "2005.11.27"]

1. e4 c5 2. Nf3 d6 3. Nc3 Nf6 4. Bb5+ Bd7 5. Bxd7+ Nbxd7 6. O-O g6 7. b3
Bg7 8. Re1 Ng4 9. Bb2 Nge5 10. Nxe5 Nxe5 11. Rb1 O-O 12. Nd5 e6 13. Ne3 Nc6
14. Bxg7 Kxg7 15. c3 d5 16. exd5 exd5 17. Qf3 d4 18. Nc4 Qc7 19. a4 Rfe8
20. h4 h5 21. g3 Re7 22. Re4 Rae8 23. Rbe1 Rxe4 24. Rxe4 Rxe4 25. Qxe4 Qd7
26. Qf3 Qe6 27. Kg2 b6 28. Qf4 a6 29. Qf3 b5 30. axb5 axb5 31. Nb2 Ne5 32.
Qe4 dxc3 33. dxc3 Qd6 34. Nd1 Ng4 35. Ne3 Nxe3+ 36. Qxe3 Qd5+ 37. Kh2 Kf6
38. b4 cxb4 39. cxb4 Qc4 40. Qe1 Qd4 41. f3 Qb2+ 42. Kh3 Qe5 43. Qd2 Ke6
44. g4 Kf6 45. gxh5 gxh5 46. Qd8+ Ke6 1/2-1/2

[Event "WCC"]
[Site "Khanty Mansyisk RUS"]
[Date "2005.11.27"]
[Round "1.1"]
[White "Flores,Di"]
[Black "Radjabov,T"]
[Result "0-1"]
[WhiteElo "2479"]
[BlackElo "2704"]
[EventDate "2005.11.27"]

1. c4 g6 2. Nc3 Bg7 3. g3 e5 4. Bg2 d6 5. d3 Nc6 6. e4 h5 7. h3 Be6 8. f4
exf4 9. gxf4 f5 10. Nf3 fxe4 11. Ng5 Qd7 12. Nd5 O-O-O 13. dxe4 Bd4 14. Rb1
Re8 15. b4 Qg7 16. Kf1 Nd8 17. Rb3 Bxd5 18. cxd5 Nh6 19. Rd3 Bb6 20. Bf3
Rhf8 21. Kg2 Qd7 22. a4 a6 23. Qc2 Kb8 24. Bd2 Rg8 25. a5 Ba7 26. Rc1 Re7
27. Rc3 Rf8 28. b5 axb5 29. a6 c5 30. dxc6 bxc6 31. Qd3 Bc5 32. Be3 Bxe3
33. Qxe3 Qa7 34. Qd3 Qc7 35. Rxc6 Nxc6 36. Qxb5+ Ka7 37. Rxc6 Qb8 38. Qd3
Qb2+ 39. Rc2 Qb6 40. Qc3 Rb8 41. Qf6 Ng8 42. Qxg6 Qd4 43. Ne6 Qd3 44. Rf2
h4 45. f5 Qc3 46. Qg5 Nf6 47. Qf4 Qe1 48. Qxd6 Rg8+ 49. Bg4 Qxf2+ 0-1

[Event "WCC"]
[Site "Khanty Mansyisk RUS"]
[Date "2005.11.27"]
[Round "1.1"]
[White "Belkhodja,S"]
[Black "Tiviakov,S"]
[Result "0-1"]
[WhiteElo "2490"]
[BlackElo "2700"]
[EventDate "2005.11.27"]

1. e4 c5 2. Nf3 Nc6 3. Bb5 d6 4. O-O Bd7 5. Re1 Nf6 6. h3 g6 7. c3 Ne5 8.
Bxd7+ Nfxd7 9. Nxe5 dxe5 10. Qe2 Bg7 11. a4 O-O 12. Na3 Qc7 13. d3 Rfd8 14.
Be3 Nf8 15. Red1 Ne6 16. Rac1 Qd7 17. b3 h5 18. Nc4 h4 19. Qb2 b6 20. b4
Qxa4 21. b5 Nc7 22. Rb1 Rac8 23. Bg5 Rd7 24. Ne3 Rcd8 25. Nd5 Nxd5 26. exd5
c4 27. Ra1 Qb3 28. Qxb3 cxb3 29. c4 e4 30. Rab1 b2 31. d4 Rc8 32. Rxb2 Rxc4
33. Kf1 Bxd4 34. Rbd2 Bc5 0-1

[Event "WCC"]
[Site "Khanty Mansyisk RUS"]
[Date "2005.11.27"]
[Round "1.1"]
[White "Matamoros Franco,C"]
[Black "Bologan,V"]
[Result "0-1"]
[WhiteElo "2501"]
[BlackElo "2682"]
[EventDate "2005.11.27"]

1. Nf3 Nf6 2. c4 g6 3. g3 Bg7 4. Bg2 O-O 5. O-O d6 6. d4 Nc6 7. Nc3 Rb8 8.
b3 a6 9. d5 Na5 10. Bd2 c5 11. dxc6 Nxc6 12. Rc1 Bf5 13. Ne1 Qd7 14. Nd3
Bh3 15. Bxh3 Qxh3 16. Nf4 Qd7 17. Nfd5 Nxd5 18. Nxd5 e6 19. Nb6 Qd8 20. Be3
Ne7 21. f3 d5 22. cxd5 exd5 23. Bc5 Re8 24. e3 d4 25. Bxd4 Nf5 26. Bxg7
Qxb6 27. Bd4 Qa5 28. Rf2 Rbd8 29. Rd2 Nxd4 30. exd4 h5 31. Kg2 Rd5 32. Rc5
Rxc5 33. dxc5 Qxc5 34. Rd8 Rxd8 35. Qxd8+ Kg7 36. Qd2 b5 37. Qb2+ Kg8 38.
b4 Qe3 39. h4 Qe1 40. f4 Qe4+ 41. Kf2 Qd3 42. Qb3 Qd2+ 43. Kf3 Kg7 44. Ke4
Kf6 45. a3 Ke7 46. Qe3 Qxe3+ 47. Kxe3 Kf6 48. Ke4 Ke6 49. Kd4 Kf5 50. Kc5
Kg4 51. Kb6 Kxg3 52. Kxa6 Kxf4 53. Kxb5 g5 54. Ka6 gxh4 55. b5 h3 56. b6 h2
57. b7 h1=Q 58. b8=Q+ Kf5 59. Qc8+ Kf6 60. Qd8+ Ke6 61. Qc8+ Kd6 62. Qf8+
Ke5 63. Qe7+ Kd4 64. Qf6+ Ke3 65. Qe5+ Qe4 66. Qxh5 f5 67. Qh3+ Kd2 68.
Qh2+ Kc3 69. Kb5 f4 70. Qh8+ Kb3 71. Qf8 f3 72. Qf7+ Kxa3 73. Qf8+ Kb2 74.
Qf6+ Kc2 75. Ka6 Qd5 76. Qf4 Kd3 77. Qg3 Qc4+ 78. Ka7 Qc5+ 79. Ka8 Qd5+ 80.
Ka7 Ke2 81. Qg4 Kd3 82. Qg3 Qd4+ 83. Ka6 Ke2 84. Qh3 f2 85. Qh5+ Ke1 86.
Qa5+ Kd1 87. Qh5+ Kc2 88. Qe2+ Kc3 89. Kb7 Qg7+ 0-1

[Event "WCC"]
[Site "Khanty Mansyisk RUS"]
[Date "2005.11.27"]
[Round "1.1"]
[White "Bareev,E"]
[Black "Vasquez,R"]
[Result "1-0"]
[WhiteElo "2675"]
[BlackElo "2506"]
[EventDate "2005.11.27"]

1. d4 d5 2. c4 c6 3. Nf3 Nf6 4. Nc3 e6 5. Bg5 dxc4 6. e4 b5 7. e5 h6 8. Bh4
g5 9. Nxg5 hxg5 10. Bxg5 Nbd7 11. g3 Bb7 12. Bg2 Qb6 13. exf6 O-O-O 14. O-O
c5 15. dxc5 Nxc5 16. Qe2 Bh6 17. Bxb7+ Kxb7 18. Ne4 Nd3 19. b3 Qc6 20. bxc4
bxc4 21. Qe3 Bxg5 22. Nxg5 Rd7 23. Rfd1 Rhd8 24. Rab1+ Ka8 25. Qe4 Rc8 26.
Rbc1 Nxc1 27. Rxd7 Nxa2 28. Qxc6+ Rxc6 29. Nxf7 1-0

[Event "WCC"]
[Site "Khanty Mansyisk RUS"]
[Date "2005.11.27"]
[Round "1.1"]
[White "Arencibia,W"]
[Black "Smirin,I"]
[Result "1/2-1/2"]
[WhiteElo "2510"]
[BlackElo "2673"]
[EventDate "2005.11.27"]

1. Nf3 Nf6 2. c4 g6 3. g3 Bg7 4. Bg2 O-O 5. O-O d5 6. cxd5 Nxd5 7. d4 Nb6
8. Nc3 Nc6 9. d5 Na5 10. Qc2 c6 11. dxc6 Nxc6 12. Rd1 Qe8 13. Be3 Bf5 14.
Qc1 Rc8 15. Bh6 e5 16. Bxg7 Kxg7 17. b3 Qe7 18. Qb2 Rfd8 19. Rxd8 Rxd8
1/2-1/2

[Event "WCC"]
[Site "Khanty Mansyisk RUS"]
[Date "2005.11.27"]
[Round "1.1"]
[White "Harikrishna,P"]
[Black "Yu Shaoteng"]
[Result "1/2-1/2"]
[WhiteElo "2673"]
[BlackElo "2516"]
[EventDate "2005.11.27"]

1. d4 e6 2. c4 Nf6 3. g3 d5 4. Nf3 Be7 5. Bg2 O-O 6. O-O dxc4 7. Qc2 a6 8.
Qxc4 b5 9. Qc2 Bb7 10. Bd2 Be4 11. Qc1 Bb7 12. Bf4 Bd6 13. Nbd2 Nbd7 14.
Nb3 Bd5 15. Ne1 Qb8 16. Nd3 Qb6 17. Nbc5 Bxg2 18. Kxg2 Nxc5 19. dxc5 Bxf4
20. Qxf4 Qb7+ 21. Kg1 Rad8 22. a4 Nd7 23. axb5 axb5 24. Ra5 Nb8 25. Nb4 Nc6
26. Nxc6 Qxc6 27. b4 Ra8 28. Rxa8 Rxa8 29. Rd1 h6 30. f3 Rc8 31. Kf2 Qe8
32. Rd3 Qc6 33. h4 Re8 34. Qd4 Ra8 35. Qe5 f6 36. Qf4 h5 37. Qd2 e5 38.
Rd8+ Rxd8 39. Qxd8+ Kh7 40. Qd3+ Kg8 41. Kg2 Qe8 42. Qd5+ Kh7 43. c6 Qb8
44. Qf7 Kh6 45. g4 hxg4 46. fxg4 Kh7 47. h5 Kh8 48. h6 Qg8 49. hxg7+ Qxg7
50. Qxg7+ Kxg7 51. Kf3 Kf7 52. Ke4 Ke6 53. e3 f5+ 54. gxf5+ Kf6 55. Kd5
Kxf5 56. Kc5 Ke6 57. e4 Ke7 58. Kxb5 Kd6 59. Ka5 Kxc6 60. Ka6 Kd6 61. Kb5
Kd7 62. Kc5 c6 63. Kb6 Kd6 64. Ka7 Ke7 65. Kb7 Kd7 66. Ka6 Ke6 67. Ka5 Kd7
68. Kb6 Kd6 69. Ka7 Ke7 70. Ka8 Ke8 71. Kb7 1/2-1/2

[Event "WCC"]
[Site "Khanty Mansyisk RUS"]
[Date "2005.11.27"]
[Round "1.1"]
[White "Sakaev,K"]
[Black "Lima,Da"]
[Result "1-0"]
[WhiteElo "2668"]
[BlackElo "2529"]
[EventDate "2005.11.27"]

1. d4 Nf6 2. c4 e6 3. Nf3 d5 4. Nc3 c5 5. cxd5 Nxd5 6. e4 Nxc3 7. bxc3 cxd4
8. cxd4 Bb4+ 9. Bd2 Bxd2+ 10. Qxd2 O-O 11. Bc4 Nc6 12. O-O b6 13. Rad1 Na5
14. Bd3 Bb7 15. Rfe1 Qe7 16. d5 e5 17. Qb2 f6 18. Re3 Rad8 19. h3 Bc8 20.
Be2 Nb7 21. Nd2 Bd7 22. Ra3 Ra8 23. Rc3 Nc5 24. Qb4 Qf7 25. Bg4 Bxg4 26.
hxg4 Rac8 27. Qb5 Rc7 28. Rdc1 Rfc8 29. Nb3 Qe7 30. Nxc5 bxc5 31. Qc4 Qf7
32. Rb1 h6 33. Rcb3 Kh7 34. a4 Qg6 35. f3 Qg5 36. a5 Qd2 37. a6 Qd4+ 38.
Qxd4 exd4 39. Kf2 c4 40. Rb7 Rc5 41. Rxa7 c3 42. Ke2 Rb5 43. Rb7 Ra5 44.
Kd3 Rxa6 45. Kxd4 Ra2 46. Rc1 Rd2+ 47. Ke3 Rxg2 48. Rb6 Ra8 49. Rxc3 Raa2
50. Rb7 h5 51. Rcc7 Ra3+ 52. Kf4 Rf2 53. Rxg7+ Kh8 54. Kf5 1-0

[Event "WCC"]
[Site "Khanty Mansyisk RUS"]
[Date "2005.11.27"]
[Round "1.1"]
[White "Cao Sang"]
[Black "Volokitin,And"]
[Result "1-0"]
[WhiteElo "2488"]
[BlackElo "2666"]
[EventDate "2005.11.27"]

1. e4 c5 2. Nc3 e6 3. Nf3 Nc6 4. Bb5 Nd4 5. Bd3 Ne7 6. O-O Nec6 7. b3 Be7
8. Nxd4 cxd4 9. Ne2 d5 10. Bb2 O-O 11. Re1 e5 12. c3 dxe4 13. Bxe4 dxc3 14.
dxc3 Qxd1 15. Raxd1 Be6 16. c4 Bb4 17. Bc3 a5 18. Bxc6 bxc6 19. Bxb4 axb4
20. Nc1 Rfd8 21. Nd3 Rdc8 22. Nxb4 c5 23. Nd3 f6 24. Rd2 Bf5 25. Nc1 Kf7
26. f3 h5 27. Ne2 h4 28. Nc3 Rd8 29. Red1 Rd4 30. Nb5 Rxd2 31. Rxd2 Ke7 32.
Nc3 Be6 33. Kf2 g5 34. Ne4 Rc8 35. Ke3 Rc6 36. g3 hxg3 37. hxg3 g4 38. fxg4
Rc8 39. Rf2 Rf8 40. g5 f5 41. Nxc5 Rg8 42. Nd3 e4 43. Ne5 Rxg5 44. Kf4 Rh5
45. g4 fxg4 46. Kxe4 g3 47. Ng6+ Ke8 48. Rf8+ Kd7 49. Nf4 Rh2 50. Nxe6 Kxe6
51. Rg8 Re2+ 52. Kf3 Rxa2 53. Rxg3 Ke5 54. Ke3 Rb2 55. Rg5+ Kd6 56. Rb5 1-0

[Event "WCC"]
[Site "Khanty Mansyisk RUS"]
[Date "2005.11.27"]
[Round "1.1"]
[White "Moiseenko,A"]
[Black "Kuzubov,Y"]
[Result "1-0"]
[WhiteElo "2663"]
[BlackElo "2541"]
[EventDate "2005.11.27"]

1. d4 Nf6 2. c4 e6 3. Nf3 Bb4+ 4. Nbd2 b6 5. a3 Bxd2+ 6. Bxd2 Bb7 7. Bg5 d6
8. e3 Nbd7 9. Qc2 h6 10. Bh4 Qe7 11. Rd1 O-O 12. Be2 Rfe8 13. O-O a5 14.
Nd2 e5 15. Rde1 Nf8 16. d5 Ng6 17. Bg3 h5 18. f4 c6 19. f5 Nf8 20. dxc6
Bxc6 21. Bh4 Rac8 22. Qb3 N8d7 23. Bxh5 d5 24. cxd5 Bxd5 25. Qxd5 Nxd5 26.
Bxe7 Rxe7 27. Bf3 Rc2 28. Rf2 N7f6 29. g4 Rd7 30. g5 Ne8 31. Ne4 Rdc7 32.
Rd1 1-0

[Event "WCC"]
[Site "Khanty Mansyisk RUS"]
[Date "2005.11.27"]
[Round "1.1"]
[White "Iljushin,A"]
[Black "Sasikiran,K"]
[Result "1/2-1/2"]
[WhiteElo "2546"]
[BlackElo "2663"]
[EventDate "2005.11.27"]

1. d4 Nf6 2. c4 g6 3. Nc3 d5 4. Nf3 Bg7 5. Bf4 O-O 6. e3 c5 7. dxc5 Qa5 8.
Rc1 dxc4 9. Bxc4 Qxc5 10. Bb3 Nc6 11. O-O Qa5 12. h3 Bf5 13. Qe2 Ne4 14.
Nd5 e5 15. Rxc6 bxc6 16. Ne7+ Kh8 17. Nxc6 Qb6 18. Ncxe5 Be6 19. Bxe6 Qxe6
20. Qc2 f5 21. Qa4 Qe8 22. Qa5 Rb8 23. Nc4 Rb7 24. Be5 Qd8 25. Qa3 Re8 26.
Bxg7+ Rxg7 27. Nd4 f4 28. b3 Nxf2 29. Nd6 Nxh3+ 30. gxh3 Qg5+ 31. Kh1 Rxe3
32. Nf3 Qg3 33. Nc4 Qxh3+ 34. Nh2 Re8 35. Qb2 f3 36. Qd2 Qg2+ 37. Qxg2
fxg2+ 38. Kxg2 Re2+ 39. Rf2 Rge7 40. Nf3 Kg7 41. a4 h5 42. Nd4 Rxf2+ 43.
Kxf2 Kf6 44. a5 g5 45. Nc6 Rc7 46. N4e5 Ke6 47. b4 Kd5 48. b5 Kc5 49. b6
axb6 50. axb6 Rg7 51. Kf3 Kxb6 52. Nd4 Re7 53. Ke4 h4 54. Ndf3 h3 55. Nh2
Kc5 56. Kf5 Kd5 57. Nef3 Rf7+ 58. Kxg5 Ke4 59. Kg4 Rg7+ 60. Kxh3 Kf4 61.
Ne1 Rg3+ 62. Kh4 Rg7 63. Kh3 1/2-1/2

[Event "WCC"]
[Site "Khanty Mansyisk RUS"]
[Date "2005.11.27"]
[Round "1.1"]
[White "Eljanov,P"]
[Black "Kudrin,S"]
[Result "1-0"]
[WhiteElo "2663"]
[BlackElo "2551"]
[EventDate "2005.11.27"]

1. Nf3 c5 2. c4 Nc6 3. d4 cxd4 4. Nxd4 Nf6 5. g3 Qa5+ 6. Nc3 Ne4 7. Ndb5
Nxc3 8. Nxc3 g6 9. Bg2 Bg7 10. O-O d6 11. Nd5 Be6 12. Bd2 Qd8 13. Qb3 Rb8
14. Rfd1 O-O 15. Rac1 Qd7 16. Be3 b6 17. Qa4 Rfc8 18. b4 Qe8 19. b5 Na5 20.
Bd2 Bxd5 21. Bxd5 a6 22. Bxa5 axb5 23. cxb5 Rxc1 24. Rxc1 bxa5 25. Rc6 Qd8
26. Ra6 e6 27. Bc6 Bc3 28. a3 Qc7 29. Qf4 Bb2 30. Qe3 d5 31. a4 d4 32. Qf4
Qxf4 33. gxf4 Bc3 34. b6 Bd2 35. b7 Kf8 36. Ra8 Bxf4 37. Rxa5 Ke7 38. Ra8
Kd8 39. a5 Kc7 40. Bf3 Rxb7 41. Bxb7 Kxb7 42. Rh8 h6 43. Rh7 Ka6 44. Rxf7
e5 45. Kg2 Kxa5 46. Rb7 Ka6 47. Rb8 g5 48. h3 h5 49. Rb3 e4 50. e3 dxe3 51.
fxe3 Bd6 52. Rc3 Kb5 53. Rc8 Bc5 54. Kf2 Kc4 55. Rc7 g4 56. h4 Kd5 57. Rh7
g3+ 58. Ke2 g2 59. Rxh5+ Ke6 60. Rg5 1-0

[Event "WCC"]
[Site "Khanty Mansyisk RUS"]
[Date "2005.11.27"]
[Round "1.1"]
[White "Timofeev,Arty"]
[Black "Agrest,E"]
[Result "1/2-1/2"]
[WhiteElo "2658"]
[BlackElo "2571"]
[EventDate "2005.11.27"]

1. e4 c5 2. Nf3 d6 3. d4 Nf6 4. Nc3 cxd4 5. Nxd4 a6 6. Be2 e5 7. Nb3 Be7 8.
O-O O-O 9. Kh1 b6 10. Be3 Bb7 11. f3 b5 12. Qd2 Nbd7 13. Rfc1 b4 14. Nd5
Bxd5 15. exd5 Nb6 16. Bxb6 Qxb6 17. c3 bxc3 18. Rxc3 a5 19. a4 Nd7 20. Bb5
Nc5 21. Qe3 Rab8 22. Nxc5 dxc5 23. f4 f6 24. f5 Qd6 25. Qe4 Rfd8 26. Rh3
Bf8 27. b3 h6 28. Qe1 Kh8 29. Rd1 Ra8 30. Rdd3 e4 31. Qxe4 Ra7 32. Rhe3 Re7
33. Qf3 Rxe3 34. Rxe3 Qxd5 35. Qxd5 Rxd5 36. g4 Bd6 37. Re8+ Kh7 38. Bc4
Rd1+ 39. Kg2 g5 40. Ra8 Rd2+ 41. Kf3 Rxh2 42. Ra7+ Kh8 43. Rxa5 h5 44. Ra8+
Kh7 45. Ra7+ Kh8 46. Ra8+ Kh7 47. Ra7+ Kh8 48. gxh5 Rh4 49. a5 g4+ 50. Ke2
g3 51. Bd5 Rh2+ 52. Kd3 g2 53. Ra8+ Kh7 54. Rg8 Bg3 55. Rxg3 Rh3 56. Bxg2
Rxg3+ 57. Kc4 Rxg2 58. Kxc5 Rf2 59. b4 Rxf5+ 60. Kc6 Rf1 61. b5 Rc1+ 62.
Kb7 f5 63. a6 f4 64. a7 Ra1 65. a8=Q Rxa8 66. Kxa8 f3 67. b6 f2 68. b7 f1=Q
69. b8=Q Qa6+ 70. Qa7+ Qxa7+ 71. Kxa7 1/2-1/2

[Event "WCC"]
[Site "Khanty Mansyisk RUS"]
[Date "2005.11.27"]
[Round "1.1"]
[White "Krasenkow,M"]
[Black "Amonatov,F"]
[Result "1/2-1/2"]
[WhiteElo "2655"]
[BlackElo "2572"]
[EventDate "2005.11.27"]

1. d4 d5 2. c4 c6 3. Nf3 Nf6 4. Nc3 dxc4 5. a4 Bf5 6. e3 e6 7. Bxc4 Bb4 8.
Ne5 Nbd7 9. Nxd7 Qxd7 10. f3 Rd8 11. O-O O-O 12. Qb3 a5 13. Rd1 Bg6 14. e4
Qc7 15. Be3 Nd7 16. Rac1 Bd6 17. h3 Bb4 18. Bf1 Qb8 19. Ne2 Bd6 20. Kh1
Rfe8 21. Bd2 Qc7 22. Qe3 f6 23. Nf4 Bf7 24. Nd3 Ra8 25. b3 Red8 26. Nb2 Ba3
27. Bc3 e5 28. dxe5 fxe5 29. Ra1 Bxb2 30. Bxb2 Nf8 31. Qc3 Ng6 32. b4 axb4
33. Qxb4 h6 34. Bc3 c5 35. Rxd8+ Rxd8 36. Qb2 c4 37. a5 Rd7 38. Kh2 Kh7 39.
Ra4 Qc5 40. Qb6 Qxb6 41. axb6 Rd6 42. Rb4 Rc6 43. Rb5 Kg8 44. Kg3 h5 45.
Kf2 h4 46. Ke3 Kf8 47. Kd2 Be6 48. Kc2 Kf7 49. Be1 Ke7 50. Kc3 Rd6 51. Rb1
Kd7 52. Bf2 Kc6 53. Rc1 Nf4 54. Bxh4 Kxb6 55. Rb1+ Kc6 56. Bf2 b5 57. Ra1
Nd3 58. Ra6+ Kc7 59. Rxd6 Kxd6 60. Bxd3 cxd3 61. Kxd3 Bc4+ 62. Ke3 1/2-1/2

[Event "WCC"]
[Site "Khanty Mansyisk RUS"]
[Date "2005.11.27"]
[Round "1.1"]
[White "Hamdouchi,H"]
[Black "Sutovsky,E"]
[Result "0-1"]
[WhiteElo "2574"]
[BlackElo "2654"]
[EventDate "2005.11.27"]

1. e4 c5 2. Nf3 d6 3. c3 Nf6 4. Be2 Bg4 5. h3 Bh5 6. O-O e6 7. d4 Nxe4 8.
d5 Nd7 9. Qb3 e5 10. Qxb7 Nef6 11. Re1 Be7 12. c4 O-O 13. Nc3 e4 14. Ng5
Bg6 15. Bf1 Re8 16. Bd2 Bf8 17. f3 Rb8 18. Qxa7 Rxb2 19. Rad1 Ne5 20. fxe4
Nh5 21. Be3 Be7 22. Qa3 Rc2 23. Nf3 Nxf3+ 24. gxf3 Bg5 25. Nb5 Bf4 26. Bxf4
Nxf4 27. Qe3 Qh4 28. Rd2 Qg3+ 29. Kh1 Rxd2 30. Qxd2 Bh5 0-1

[Event "WCC"]
[Site "Khanty Mansyisk RUS"]
[Date "2005.11.27"]
[Round "1.1"]
[White "Areshchenko,A"]
[Black "Stripunsky,A"]
[Result "1-0"]
[WhiteElo "2653"]
[BlackElo "2576"]
[EventDate "2005.11.27"]

1. e4 c5 2. Nf3 e6 3. d4 cxd4 4. Nxd4 a6 5. Nc3 Qc7 6. Bd3 Nf6 7. O-O Nc6
8. Nxc6 dxc6 9. f4 e5 10. Kh1 Bd6 11. f5 Bb4 12. Qe1 Bd7 13. Qg3 Rg8 14.
Be3 Bxc3 15. bxc3 c5 16. c4 b6 17. Bg5 O-O-O 18. Qh4 Qd6 19. Rab1 Kc7 20.
Rb2 Bc6 21. Rfb1 Rb8 22. h3 h6 23. Be3 Nd7 24. Rf1 Qf6 25. Qh5 Qe7 26. Bf2
Nf6 27. Qf3 Rgd8 28. Be3 Rd6 29. Kh2 Nd7 30. Qf2 Rf6 31. Qh4 Qd6 32. Rbb1
Re8 33. Rf3 Rg8 34. Rbf1 Qf8 35. Bd2 Rd6 36. Bc3 Qd8 37. f6 gxf6 38. Rf5
Rg6 39. Rh5 Qg8 40. Rf2 Qg7 41. Bd2 f5 42. Rhxf5 Rdf6 43. g4 Rxf5 44. Rxf5
Qf8 45. Qf2 f6 46. Rh5 Qd6 47. Rxh6 Rxh6 48. Bxh6 f5 49. Bc1 f4 50. Bb2 Qg6
51. Qg2 b5 52. cxb5 axb5 53. c4 bxc4 54. Bc2 Qg5 55. Bc3 Nb6 56. Qf2 Qe7
57. h4 Ba4 58. Bb1 Bd1 59. g5 Bh5 60. Qb2 Nd7 61. Qb5 Qe6 62. Ba5+ Kc8 63.
Be1 Kd8 64. Bc2 Qg4 65. Qxc4 Qf3 66. Qd3 c4 67. Qxc4 Qe3 68. Ba5+ Ke7 69.
Bb4+ Kd8 70. Qg8+ Kc7 71. Ba5+ Kd6 72. Qd5+ Ke7 73. Bb4+ Kd8 74. Qa8+ Kc7
75. Qa5+ Kb7 76. Qd5+ Kc8 77. Qc4+ Kb7 78. Qd3 Qf2+ 79. Kh3 Nb6 80. Bb3 Be2
81. Bd5+ Kc7 82. Qc3+ Kd8 83. Bc5 Qf1+ 84. Kh2 Nxd5 85. exd5 Bf3 86. Bb6+
Ke8 87. Qxe5+ Kf7 88. Qf6+ Ke8 89. Qe6+ Kf8 90. Bc5+ 1-0

[Event "WCC"]
[Site "Khanty Mansyisk RUS"]
[Date "2005.11.27"]
[Round "1.1"]
[White "Inarkiev,E"]
[Black "Khalifman,A"]
[Result "1/2-1/2"]
[WhiteElo "2577"]
[BlackElo "2653"]
[EventDate "2005.11.27"]

1. e4 c5 2. Nf3 Nc6 3. d4 cxd4 4. Nxd4 e6 5. Nc3 Qc7 6. Be3 Nf6 7. f4 Bb4
8. Ndb5 Qa5 9. e5 Ne4 10. Qd3 Nxc3 11. bxc3 Be7 12. g3 a6 13. Nd6+ Bxd6 14.
exd6 b5 15. Bg2 Bb7 16. O-O Qa4 17. Bb6 O-O 18. Rfb1 Rac8 19. a3 e5 20. Re1
exf4 21. Re4 b4 22. gxf4 a5 23. f5 Ne5 24. Rxe5 Bxg2 25. Rxa5 Qc6 26. Bd4
Be4 27. Qg3 f6 28. axb4 Qc4 29. Re1 Rce8 30. Qf2 Ba8 31. Re7 Qc6 32. Qg3
Rxe7 33. dxe7 Re8 34. Ra1 Qh1+ 35. Kf2 Qxa1 36. Bxf6 g6 37. fxg6 h6 38. Qf4
Qa6 39. h4 h5 40. Ke1 Qe6+ 41. Kd2 Rxe7 42. Bxe7 Qxe7 43. Qb8+ Qf8 44.
Qxf8+ Kxf8 45. Ke3 Kg7 46. Kd4 d6 47. c4 Kxg6 48. c5 dxc5+ 49. Kxc5 Kf5 50.
Kb6 Kg4 51. c4 Kxh4 52. c5 Kg5 53. b5 Be4 54. c6 h4 55. c7 Bf5 56. Ka7 h3
1/2-1/2

[Event "WCC"]
[Site "Khanty Mansyisk RUS"]
[Date "2005.11.27"]
[Round "1.1"]
[White "Milov,V"]
[Black "Pantsulaia,L"]
[Result "0-1"]
[WhiteElo "2652"]
[BlackElo "2578"]
[EventDate "2005.11.27"]

1. d4 Nf6 2. c4 e6 3. Nc3 Bb4 4. f3 d5 5. a3 Bxc3+ 6. bxc3 c5 7. cxd5 Nxd5
8. dxc5 f5 9. Qc2 O-O 10. e4 fxe4 11. fxe4 Nf4 12. Be3 Qc7 13. Qd2 Nd7 14.
Qd6 Qa5 15. Rc1 e5 16. Nf3 Rf6 17. Qe7 Qa4 18. Nd2 Rf7 19. Qd8+ Rf8 20. Qc7
Kh8 21. g3 Ne6 22. Qd6 Nf6 23. Qd3 Ng4 24. Bg1 Qxa3 25. Rb1 Rd8 26. Qc4 Ng5
27. Qb3 Qa5 28. Be2 Nh3 29. Nc4 Qc7 30. Nd6 Rf8 31. Qd5 Nxg1 32. Rxg1 Be6
33. Rxb7 Qa5 34. Qd2 Qxc5 35. Rf1 Rfd8 36. Bxg4 Rxd6 37. Qg5 Qxc3+ 38. Kf2
Rf8+ 39. Kg2 Qc2+ 40. Kg1 Qc5+ 41. Kg2 Qc2+ 42. Kg1 Rxf1+ 43. Kxf1 Bc4+ 0-1

[Event "WCC"]
[Site "Khanty Mansyisk RUS"]
[Date "2005.11.27"]
[Round "1.1"]
[White "Minasian,Art"]
[Black "Van Wely,L"]
[Result "0-1"]
[WhiteElo "2581"]
[BlackElo "2648"]
[EventDate "2005.11.27"]

1. e4 c5 2. Nc3 Nc6 3. Nge2 Nf6 4. d4 cxd4 5. Nxd4 e5 6. Ndb5 d6 7. Bg5 a6
8. Na3 b5 9. Bxf6 gxf6 10. Nd5 f5 11. Bd3 Be6 12. O-O Bxd5 13. exd5 Ne7 14.
c3 Bg7 15. Qh5 Qd7 16. Rad1 O-O 17. Bb1 Rae8 18. Nc2 e4 19. f4 Qa7+ 20. Kh1
Qc5 21. Rfe1 Nxd5 22. Qxf5 Nb6 23. Ne3 Qxf5 24. Nxf5 d5 25. a3 Rd8 26. Ne7+
Kh8 27. Ba2 Na4 28. Rxd5 Nxb2 29. Rxe4 Nd1 30. Re1 Nxc3 31. Rxd8 Rxd8 32.
Bxf7 Rf8 33. Bb3 Rxf4 34. g3 Re4 35. Rxe4 Nxe4 36. Nd5 Nc5 37. Bd1 Bb2 38.
Be2 Bxa3 39. Nc7 Bb2 40. Nxa6 Nxa6 41. Bxb5 Nc5 42. Kg2 Kg7 43. Bc4 Nd7 44.
Bd3 Ne5 45. Ba6 Kf6 46. Bc8 Bd4 47. Bb7 Kf5 48. Kf1 Bc5 49. Kg2 Bb6 50. Bd5
Ng4 51. Bb7 Ke5 52. Bc8 Ne3+ 53. Kf3 Nf1 54. Kg2 Nd2 55. Ba6 Ke4 56. Bb7+
Ke3 57. Ba6 Nf3 58. Bb7 Ne1+ 59. Kf1 Nc2 60. Ba6 Kd2 61. Bc8 Bc5 62. Bd7
Ne3+ 63. Kf2 Nc4+ 64. Kf1 Ne3+ 65. Kf2 Nd1+ 66. Kf1 Bf2 67. Ba4 Be1 68.
Bxd1 Kxd1 69. Kg2 Ke2 70. Kh3 Kf3 71. Kh4 Bd2 72. Kh5 h6 73. g4 Bg5 74. h4
Kf4 75. Kg6 0-1

[Event "WCC"]
[Site "Khanty Mansyisk RUS"]
[Date "2005.11.27"]
[Round "1.1"]
[White "Erenburg,S"]
[Black "Izoria,Z"]
[Result "1/2-1/2"]
[WhiteElo "2582"]
[BlackElo "2646"]
[EventDate "2005.11.27"]

1. e4 e6 2. d4 d5 3. Nd2 c5 4. Ngf3 Nf6 5. exd5 Nxd5 6. Nb3 Nd7 7. Be2 Be7
8. O-O O-O 9. c4 N5f6 10. dxc5 Nxc5 11. Nbd4 Qb6 12. Qc2 Rd8 13. Rd1 Bd7
14. Bf4 1/2-1/2

[Event "WCC"]
[Site "Khanty Mansyisk RUS"]
[Date "2005.11.27"]
[Round "1.1"]
[White "Adianto,U"]
[Black "Vescovi,G"]
[Result "0-1"]
[WhiteElo "2584"]
[BlackElo "2646"]
[EventDate "2005.11.27"]

1. d4 d5 2. c4 c6 3. e3 Nf6 4. Nf3 Bf5 5. Qb3 Qb6 6. Bd2 e6 7. c5 Qc7 8.
Nc3 Nbd7 9. Be2 Be7 10. O-O O-O 11. Rfc1 Ne4 12. Be1 Rfe8 13. Qd1 Bf6 14.
Nxe4 dxe4 15. Nd2 e5 16. Nc4 exd4 17. exd4 Bg6 18. Ne3 Rad8 19. Qa4 Qb8 20.
Rd1 Nf8 21. Bg4 Ne6 22. Bxe6 Rxe6 23. Bc3 Bh5 24. Rd2 Bg5 25. d5 Bxe3 26.
fxe3 cxd5 27. Rf1 f6 28. Rf5 Bf7 29. Qd4 Rc6 30. Rf4 b6 31. Qa4 Rxc5 32. h4
Qc7 33. Qd1 Rxc3 34. bxc3 Qxc3 35. Rxe4 Rc8 36. Re7 Qc5 37. Rxa7 Qxe3+ 38.
Kh2 Re8 39. Rc2 d4 40. Rd7 Bg6 41. Rb2 d3 42. Qb3+ Kh8 43. Qxb6 Qf4+ 44. g3
Qc1 45. Rf2 Be4 46. g4 Qh1+ 47. Kg3 Qg1+ 48. Kf4 Qc1+ 49. Kg3 Qg1+ 50. Kf4
h6 51. h5 Bc6 52. Rd8 d2 53. Rxe8+ Bxe8 54. Qe3 Qxf2+ 0-1

[Event "WCC"]
[Site "Khanty Mansyisk RUS"]
[Date "2005.11.27"]
[Round "1.1"]
[White "Leitao,R"]
[Black "Jakovenko,D"]
[Result "1/2-1/2"]
[WhiteElo "2586"]
[BlackElo "2644"]
[EventDate "2005.11.27"]

1. d4 Nf6 2. c4 e6 3. Nf3 b6 4. g3 Ba6 5. Nbd2 d5 6. Bg2 Be7 7. O-O O-O 8.
Ne5 Bb7 9. b3 c5 10. dxc5 Bxc5 11. Bb2 Nc6 12. Nxc6 Bxc6 13. Rc1 Rc8 14.
cxd5 Bxd5 15. e4 Bb7 16. Qe2 Nd7 17. e5 Bxg2 18. Kxg2 Be7 19. Nc4 b5 20.
Nd6 Rxc1 21. Rxc1 Nxe5 22. Qxe5 Bf6 23. Qxb5 Bxb2 24. Rd1 Ba3 25. b4 Qb8
1/2-1/2